00878nam a2200265 i 4500001000300000100002100003245013400024260003700158300002800195504002400223650002200247655001100269700001700280700001700297020001500314040000800329041000800337080002500345920001800370942000700388008004100395999001700436856009800453952006100551bg aHAEUPLER, Hennin aBildatlas der Farn- und Blütenpflanzen Deutschlands /cHenning Haeupler, Thomas Muer ; mit Beiträg. von Ralf Dahmen [et al.]. aStuttgart :bEugen Ulmer,c2000. a759 s. :bil. ;c30 cm. aBibliogr. - Indeks. aRoślinyzNiemcy aAtlasy1 aMUER, Thomas1 aDAHMEN, Ralf a3800133644 cBPK apol a581.9(430)(02.025.2) a3-8001-3364-4 cKS s pl f |000 0 pol  c40289d40289 uhttp://koha.tu.koszalin.pl/cgi-bin/koha/opac-detail.pl?biblionumber=40289yKatalog online BPK 00104070aBPKbBPKcwo60870p01638967q2026-11-03yKS